Friends en 10 courtes vidéos #1 - Statistiques

Statistiques générales
  • Ce quiz a été pris 148 fois
  • Le résultat moyen est 7 sur 10
Statistiques - réponses
Vidéo Question Réponse % Correct
En 3 lettres ce que regarde la bande dans cet extrait Ben
85%
En 8 lettres (appartenant à Ross) ce que dit avoir jeté un collègue à Ross après en avoir mangé une partie Sandwich
85%
En 5 lettres le mot que Ross prononce dans cet extrait (et régulièment dans l'épisode) Unagi
83%
Pays en 5 lettres dans lequel Chandler est contraint d'embarquer pour fuir Janice Yemen
73%
En 12 lettres ce qu'essaye de vendre le démarcheur à Joey dans cet extrait Encyclopédie
72%
En 7 lettres, marque de voiture dont Joey prétend posséder un modèle dans le but de draguer dans cet extrait ? Porsche
70%
Phénomène météo en 5 lettres qui intervient quelques temps après cette scène Neige
69%
Dans cette scéne, Brooke Shields joue le rôle d'Erika Ford, une femme folle obsédée par le personnage de Days of Ours Lives en 7 lettres du Dr. Drake ....... Ramoray
68%
Métier en 2 mots (5+6 lettres) du personnage interprété par Danny de Vito Strip teaser
65%
En 7 lettres, nom que donne Ross et Monica à leur danse fétiche (effectué dans cet extrait lors de l'émission TV pour la nouvelle année) Routine
63%
Aucun quiz correspondant
Distribution des résultats
% des personnes avec chaque résultat
Percentile par nombre de réponses
Votre historique - résultats
Vous n’avez pas pris ce quiz